ការសិក្សាស្វែងយល់ពីសក្ដានុពលក្នុងការរៀបចំសហគមន៍ព្រៃឈើវត្តបាត់គង ឃុំ រហាល ស្រុកព្រះនេត្រព្រះ ខេត្តបន្ទាយមានជ័យ (Record no. 7845)

000 -LEADER
fixed length control field 00695nam a22001577a 4500
003 - CONTROL NUMBER IDENTIFIER
control field OSt
005 - DATE AND TIME OF LATEST TRANSACTION
control field 20160325143611.0
008 - FIXED-LENGTH DATA ELEMENTS--GENERAL INFORMATION
fixed length control field 160325b xxu||||| |||| 00| 0 eng d
040 ## - CATALOGING SOURCE
Transcribing agency RUA
082 ## - DEWEY DECIMAL CLASSIFICATION NUMBER
Classification number ATM NOV 2004 B473 Or.1
100 ## - MAIN ENTRY--PERSONAL NAME
9 (RLIN) 8222
Personal name NOV NIL, នៅ និល
245 ## - TITLE STATEMENT
Title ការសិក្សាស្វែងយល់ពីសក្ដានុពលក្នុងការរៀបចំសហគមន៍ព្រៃឈើវត្តបាត់គង ឃុំ រហាល ស្រុកព្រះនេត្រព្រះ ខេត្តបន្ទាយមានជ័យ
260 ## - PUBLICATION, DISTRIBUTION, ETC. (IMPRINT)
Place of publication, distribution, etc. Phnom Penh
Name of publisher, distributor, etc. RUA
Date of publication, distribution, etc. 2004
300 ## - PHYSICAL DESCRIPTION
Extent ii; 22p.
Other physical details ill.
Dimensions 29cm.
942 ## - ADDED ENTRY ELEMENTS (KOHA)
Source of classification or shelving scheme
Koha item type ATM
Holdings
Price effective from Date last seen Permanent Location Not for loan Date acquired Source of classification or shelving scheme Koha item type Barcode Lost status Damaged status Shelving location Withdrawn status Current Location Full call number
2016-03-252016-03-25Library Block B 2016-03-25 ATMRUA042358  B473 Library Block BATM NOV 2004 B473 Or.1
មជ្ឈមណ្ឌលឯការនៃសាកលវិទ្យាល័យភូមិន្ទកសិកម្មចំការដូង

Powered by Koha